Cell biology / (Record no. 74440)
[ view plain ]
| 000 -LEADER | |
|---|---|
| fixed length control field | 00857nam a2200277 a 4500 |
| 001 - CONTROL NUMBER | |
| control field | 74440 |
| 003 - CONTROL NUMBER IDENTIFIER | |
| rucl marc code | BD-RjUL |
| 005 - DATE AND TIME OF LATEST TRANSACTION | |
| control field | 20211209082543.0 |
| 008 - FIXED-LENGTH DATA ELEMENTS--GENERAL INFORMATION | |
| fixed length control field | 180924s1975 uk a|||| b||| 001 0 eng d |
| 020 ## - INTERNATIONAL STANDARD BOOK NUMBER | |
| International Standard Book Number | 07213043X : |
| Terms of availability | Tk. |
| 035 ## - SYSTEM CONTROL NUMBER | |
| System control number | (BD-RjUL)74658 |
| 040 ## - CATALOGING SOURCE | |
| Original cataloging agency | BD-RjUL |
| Language of cataloging | eng |
| Transcribing agency | BD-RjUL |
| 041 ## - LANGUAGE CODE | |
| Language code of text/sound track or separate title | eng |
| 082 ## - DEWEY DECIMAL CLASSIFICATION NUMBER | |
| Edition number | 23 |
| Classification number | 571.6 |
| Author mark and year | ROC 1975 |
| 100 ## - MAIN ENTRY--PERSONAL NAME | |
| Personal name | Robertis, E. D. P. De |
| 9 (RLIN) | 222861 |
| 245 10 - TITLE STATEMENT | |
| Title | Cell biology / |
| Statement of responsibility, etc. | E. D. P. De Robertis , Francisco A. Saez. and E.M.F.De Robertis |
| 250 ## - EDITION STATEMENT | |
| Edition statement | 6th ed. |
| 260 ## - PUBLICATION, DISTRIBUTION, ETC. (IMPRINT) | |
| Place of publication, distribution, etc. | Philadelphia ; London : |
| Name of publisher, distributor, etc. | W.B. Saunders , |
| Date of publication, distribution, etc. | 1975 |
| 300 ## - PHYSICAL DESCRIPTION | |
| Pagination | XV , 615 p. : |
| Illustrations | ill ; |
| Size | 26 cm |
| 504 ## - BIBLIOGRAPHY, ETC. NOTE | |
| Bibliography, etc | Includes bibliographical Reference and Index |
| 650 ## - SUBJECT ADDED ENTRY--TOPICAL TERM | |
| Topical term or geographic name as entry element | Cytology |
| 9 (RLIN) | 222862 |
| Topical term or geographic name as entry element | Cell biology |
| 9 (RLIN) | 222863 |
| 700 ## - ADDED ENTRY--PERSONAL NAME | |
| Personal name | Saez, Francisco A. . |
| Personal name | Robertis, E.M.F.De |
| 942 ## - ADDED ENTRY ELEMENTS (KOHA) | |
| Source of classification or shelving scheme | Dewey Decimal Classification |
| Koha item type | Books |
| Lost status | Source of classification or shelving scheme | Damaged status | Not for loan | Collection code | Permanent Location | Current Location | Shelving location | Date acquired | Source of acquisition | Cost, normal purchase price | Total Checkouts | Full call number | Date last seen | Copy number | Koha item type |
|---|---|---|---|---|---|---|---|---|---|---|---|---|---|---|---|
| Dewey Decimal Classification | Not For Loan | Non-fiction | Central Library, University of Rajshahi | Central Library, University of Rajshahi | Reading Room | 26/11/1975 | Johnathan wren & co. | 4.70 | 571.6 ROC 1975 | 24/09/2018 | C-1 | Books | |||
| Dewey Decimal Classification | Non-fiction | Central Library, University of Rajshahi | Central Library, University of Rajshahi | 24/09/2018 | Johnathan wren & co. | 4.70 | 571.6 ROC 1975 | 24/09/2018 | C-2 | Books | |||||
| Dewey Decimal Classification | Non-fiction | Central Library, University of Rajshahi | Central Library, University of Rajshahi | 24/09/2018 | Johnathan wren & co. | 4.70 | 571.6 ROC 1975 | 24/09/2018 | C-3 | Books |